[Event "X Open Autunno"]
[Site "Robecchetto con Induno ITA"]
[Date "2013.11.21"]
[Round "7"]
[White "Madaschi, Sergio"]
[Black "Serrao, Piergiorgio"]
[WhiteElo "1522"]
[BlackElo "1578"]
[Result "1/2-1/2"]
[PlyCount "27"]
[EventDate "2013.10.03"]

1. e4 e6 2. d4 d5 3. Nd2 Nf6 4. e5 Nfd7 5. Bd3 c5 6. c3 Nc6 7. Ne2 cxd4 8. cxd4
f6 9. f4 Qb6 10. Nf3 Be7 11. O-O O-O 12. a3 fxe5 13. fxe5 Ndxe5 14. Nxe5
1/2-1/2

[Event "X Open Autunno"]
[Site "Robecchetto con Induno ITA"]
[Date "2013.11.21"]
[Round "7"]
[White "Nava, Mario"]
[Black "De Dominicis, Arrigo"]
[WhiteElo "1256"]
[BlackElo "1299"]
[Result "0-1"]
[PlyCount "74"]
[EventDate "2013.10.03"]

1. Nf3 d5 2. d4 Bg4 3. c4 Nf6 4. cxd5 Nxd5 5. e4 Bxf3 6. Qxf3 Nf6 7. Nc3 Nc6 8.
Bb5 Qxd4 9. Bxc6+ bxc6 10. O-O e5 11. a3 Bd6 12. Be3 Qc4 13. Rfc1 Qe6 14. h3 a6
15. Na4 Qb3 16. Nc5 Qxb2 17. Nd3 Qb8 18. Rxc6 Qb5 19. Rc3 Qb7 20. Bc5 Qxe4 21.
Bxd6 Qxf3 22. gxf3 cxd6 23. Rac1 O-O 24. Rc6 e4 25. Nb4 a5 26. Na6 Rfd8 27. Nc7
Rab8 28. Ra6 h6 29. Rxa5 exf3 30. Kh2 Rb2 31. Kg1 Ne4 32. Rf1 Rc8 33. Nd5 Rcc2
34. Nf4 Rxf2 35. Ra8+ Kh7 36. Re8 Rxf1+ 37. Kxf1 Rb1# 0-1

[Event "X Open Autunno"]
[Site "Robecchetto con Induno ITA"]
[Date "2013.11.21"]
[Round "7"]
[White "Rossi, Enrico"]
[Black "Buonasorte, Roberto"]
[WhiteElo "1319"]
[BlackElo "1488"]
[Result "1-0"]
[PlyCount "91"]
[EventDate "2013.10.03"]

1. d4 Nf6 2. c4 g6 3. Nc3 d5 4. e3 Bg7 5. Nf3 O-O 6. c5 b6 7. cxb6 axb6 8. Bd3
Na6 9. a3 Nb4 10. Bc2 Nxc2+ 11. Qxc2 Ba6 12. Bd2 c5 13. O-O-O cxd4 14. Nxd4 Rc8
15. Qa4 Bd3 16. Be1 Be4 17. f3 Bf5 18. Nxf5 gxf5 19. Kb1 e6 20. e4 fxe4 21.
fxe4 Qd7 22. Qxd7 Nxd7 23. exd5 e5 24. Bg3 Rfd8 25. Rhe1 f6 26. Bh4 Rc4 27. Re4
Rxe4 28. Nxe4 Rb8 29. Rc1 f5 30. Ng3 Rf8 31. Rc7 Nf6 32. Nxf5 Ne8 33. Rc8 Rxf5
34. Rxe8+ Bf8 35. Be7 e4 36. Bxf8 Rxf8 37. Rxe4 Rf2 38. d6 Rd2 39. Re6 Kf7 40.
Re7+ Kf8 41. Rxh7 Rxd6 42. h4 Rg6 43. Rb7 Rxg2 44. Rxb6 Rh2 45. Rb4 Ke7 46. a4
1-0

[Event "X Open Autunno"]
[Site "Robecchetto con Induno ITA"]
[Date "2013.11.21"]
[Round "7"]
[White "Saccani, Ettore"]
[Black "Virgilio, Gianluca"]
[WhiteElo "1735"]
[BlackElo "1795"]
[Result "0-1"]
[PlyCount "50"]
[EventDate "2013.10.03"]

1. e4 c5 2. Nf3 g6 3. c3 Bg7 4. d4 cxd4 5. cxd4 d5 6. e5 Nc6 7. Nc3 Nh6 8. h3
O-O 9. Qb3 Nf5 10. Qa4 Bd7 11. Bb5 a6 12. Bxc6 Bxc6 13. Qd1 b5 14. O-O Qd7 15.
a4 b4 16. Ne2 Rfc8 17. Bf4 e6 18. b3 Bb7 19. Qd2 a5 20. Rfc1 Ra6 21. Ra2 Rac6
22. Rac2 Ba6 23. Ng3 Nxg3 24. fxg3 R8c7 25. Bh6 Rxc2 0-1

[Event "X Open Autunno"]
[Site "Robecchetto con Induno ITA"]
[Date "2013.11.21"]
[Round "7"]
[White "Santarelli, Sabatino"]
[Black "Zanin, Fabio"]
[WhiteElo "1655"]
[BlackElo "1461"]
[Result "1-0"]
[PlyCount "75"]
[EventDate "2013.10.03"]

1. e4 e5 2. Nf3 Nc6 3. Bb5 Nf6 4. O-O d6 5. c3 Nxe4 6. Re1 f5 7. d3 Nf6 8. d4
Bd7 9. dxe5 Nxe5 10. Bxd7+ Nfxd7 11. Qa4 c6 12. Bf4 Qc7 13. Nbd2 Be7 14. Nxe5
dxe5 15. Be3 f4 16. Bxa7 b6 17. Bxb6 Nxb6 18. Qb3 Rb8 19. Nf3 Nd5 20. Qc2 Bf6
21. Nd4 O-O 22. Ne6 Qb6 23. Nxf8 Rxf8 24. c4 Ne7 25. Rad1 Ng6 26. c5 Qa7 27.
Qc4+ Kh8 28. Rd6 Rc8 29. Red1 Nf8 30. b4 Qa4 31. h3 Rb8 32. Qf7 Qxb4 33. Rd8
Qe1+ 34. Rxe1 Rxd8 35. a4 Nd7 36. Rd1 Nxc5 37. Rxd8+ Bxd8 38. Qe8# 1-0

[Event "X Open Autunno"]
[Site "Robecchetto con Induno ITA"]
[Date "2013.11.21"]
[Round "7"]
[White "Testa, Loris"]
[Black "Santoruvo, Gianfranco"]
[WhiteElo "1946"]
[BlackElo "1655"]
[Result "1/2-1/2"]
[PlyCount "53"]
[EventDate "2013.10.03"]

1. f4 Nf6 2. b3 e6 3. Bb2 d5 4. Nf3 c5 5. d4 Nc6 6. e3 Bd7 7. Nbd2 Qb6 8. c4
cxd4 9. Nxd4 Bb4 10. Bd3 e5 11. fxe5 Nxe5 12. Qe2 dxc4 13. Bxc4 Nxc4 14. Qxc4
O-O 15. Bc3 Bxc3 16. Qxc3 Nd5 17. Qd3 Rfe8 18. Nc4 Qh6 19. O-O Nxe3 20. Nxe3
Rxe3 21. Qc4 Qg6 22. Rac1 Rae8 23. Qd5 Bc6 24. Nxc6 bxc6 25. Rxc6 R3e6 26. Rxe6
fxe6 27. Qd7 1/2-1/2

[Event "X Open Autunno"]
[Site "Robecchetto con Induno ITA"]
[Date "2013.11.21"]
[Round "7"]
[White "Trenti, Alessandro"]
[Black "Colombo, Maurizio"]
[WhiteElo "1757"]
[BlackElo "1786"]
[Result "0-1"]
[PlyCount "100"]
[EventDate "2013.10.03"]

1. e4 c5 2. Nf3 e6 3. d4 cxd4 4. Nxd4 a6 5. Nc3 Qc7 6. a3 Nf6 7. Be3 Nc6 8. Nb3
b5 9. f3 Bb7 10. Bd3 d6 11. O-O Be7 12. Qd2 O-O 13. Rad1 Rfd8 14. Qf2 Rd7 15.
Kh1 Ne5 16. Bb6 Qc8 17. Na5 d5 18. Nxb7 Qxb7 19. exd5 Nxd3 20. Rxd3 Nxd5 21.
Nxd5 Rxd5 22. Rfd1 Rxd3 23. Rxd3 Qc6 24. c3 Rb8 25. Be3 Rd8 26. Qd2 Rxd3 27.
Qxd3 Qd6 28. Qd4 Qxd4 29. Bxd4 f6 30. Kg1 e5 31. Be3 Kf7 32. Kf2 Ke6 33. Ke2
Kd5 34. Kd3 f5 35. Bc1 Bd6 36. h3 h5 37. b3 e4+ 38. fxe4+ fxe4+ 39. Ke2 a5 40.
Kd1 a4 41. Kc2 Bc5 42. b4 Be7 43. Be3 Bf6 44. Bf4 Kc4 45. Bd2 Be5 46. Be3 Bxc3
47. Bf2 Bd4 48. Bg3 g5 49. Be1 e3 50. g4 h4 0-1

[Event "LVIII C.to Torinese Assoluto Finale"]
[Site "Torino ITA"]
[Date "2013.11.04"]
[Round "1"]
[White "Barletta, Mauro"]
[Black "Yao, Stefano"]
[WhiteElo "2190"]
[BlackElo "2066"]
[Result "0-1"]
[PlyCount "112"]
[EventDate "2013.11.04"]

1. Nf3 e6 2. c4 Nf6 3. g3 b6 4. Bg2 Bb7 5. O-O Be7 6. Nc3 c5 7. b3 O-O 8. Bb2
Nc6 9. e3 d5 10. cxd5 exd5 11. d4 Rc8 12. Rc1 Re8 13. Rc2 Ba6 14. Re1 Nb4 15.
Rd2 c4 16. Ne5 Nd3 17. Nxd3 cxd3 18. Bf1 Bb4 19. Bxd3 Bxd3 20. Rxd3 Ne4 21. Qa1
Rc6 22. Rc1 Bxc3 23. Bxc3 Rf6 24. f4 Qd7 25. Qb2 h5 26. Be1 h4 27. Rc2 Rg6 28.
Rg2 Qh3 29. Qe2 hxg3 30. Bxg3 Nxg3 31. hxg3 Rxg3 32. Rxg3 Qxg3+ 33. Kf1 Rc8 34.
Rd2 Rc1+ 35. Rd1 Rxd1+ 36. Qxd1 Qxe3 37. Qg4 Qd3+ 38. Ke1 Qb1+ 39. Ke2 Qxa2+
40. Ke1 Qa1+ 41. Ke2 Qb2+ 42. Ke1 Qc1+ 43. Ke2 Qc2+ 44. Kf1 g6 45. Qd7 Qd1+ 46.
Kg2 Qxd4 47. Qxa7 Qe4+ 48. Kg3 Qe3+ 49. Kg4 Qe6+ 50. Kg3 d4 51. Qc7 Qxb3+ 52.
Kg4 Qe6+ 53. Kg5 Kg7 54. Kh4 d3 55. Kg3 Qe3+ 56. Kg4 d2 0-1

[Event "LVIII C.to Torinese Assoluto Finale"]
[Site "Torino ITA"]
[Date "2013.11.04"]
[Round "1"]
[White "Gallucci, Alessio"]
[Black "Fassio, Luca"]
[WhiteElo "2208"]
[BlackElo "2125"]
[Result "1-0"]
[PlyCount "55"]
[EventDate "2013.11.04"]

1. b3 c5 2. e4 d6 3. Nf3 e5 4. Bb5+ Nc6 5. O-O Be7 6. c3 Nf6 7. d4 O-O 8. dxe5
Nxe5 9. Nbd2 a6 10. Be2 b5 11. Re1 Bb7 12. a4 Bc6 13. axb5 axb5 14. Bb2 Nxf3+
15. Bxf3 Nd7 16. c4 Ne5 17. Be2 bxc4 18. Bxc4 Bf6 19. Rb1 Re8 20. Bd5 Bxd5 21.
exd5 Ra2 22. Nc4 Nxc4 23. Bxf6 gxf6 24. Qg4+ Kh8 25. bxc4 Rg8 26. Qf4 Ra7 27.
g3 Rg5 28. Rb6 1-0

[Event "LVIII C.to Torinese Assoluto Finale"]
[Site "Torino ITA"]
[Date "2013.11.04"]
[Round "1"]
[White "Pulito, Alberto"]
[Black "Pepino, Enrico"]
[WhiteElo "2258"]
[BlackElo "2195"]
[Result "1-0"]
[PlyCount "83"]
[EventDate "2013.11.04"]

1. e4 d6 2. d4 Nf6 3. Nc3 g6 4. Nf3 Bg7 5. h3 O-O 6. Be3 Nc6 7. a3 e5 8. dxe5
Nxe5 9. Nxe5 dxe5 10. Bc4 c6 11. a4 Qe7 12. O-O Nh5 13. Qc1 Bf6 14. a5 Ng7 15.
Na4 Ne6 16. c3 Bg5 17. Bxe6 Bxe3 18. Bxf7+ Rxf7 19. Qxe3 Be6 20. Nc5 Raf8 21.
Nxe6 Qxe6 22. f3 Qb3 23. Rf2 Rd8 24. Qxa7 Rd1+ 25. Rxd1 Qxd1+ 26. Rf1 Qd6 27.
Qb6 h5 28. b4 Qd2 29. Qc5 Qf4 30. Re1 Rd7 31. Qe3 Qf6 32. Ra1 Kh7 33. a6 bxa6
34. Rxa6 h4 35. b5 Qd8 36. Rxc6 Rd1+ 37. Kh2 Rd3 38. Rc7+ Kg8 39. Rc8 Qxc8 40.
Qxd3 Kh7 41. b6 Qc6 42. Qd8 1-0

[Event "LVIII C.to Torinese Assoluto Finale"]
[Site "Torino ITA"]
[Date "2013.11.04"]
[Round "1"]
[White "Sorcinelli, Francesco"]
[Black "Davi, Alessandro"]
[WhiteElo "2216"]
[BlackElo "2155"]
[Result "1-0"]
[PlyCount "111"]
[EventDate "2013.11.04"]

1. Nf3 d5 2. c4 e6 3. g3 Nf6 4. Bg2 c5 5. O-O Nc6 6. b3 Be7 7. e3 d4 8. exd4
cxd4 9. d3 O-O 10. Re1 Nd7 11. Ba3 a5 12. Bxe7 Qxe7 13. Nbd2 Ra6 14. a3 Nc5 15.
Ne4 Rd8 16. Nxc5 Qxc5 17. Nd2 Qf8 18. Qh5 g6 19. Qh4 Qe7 20. Qxe7 Nxe7 21. b4
b6 22. b5 Ra7 23. c5 bxc5 24. b6 Rad7 25. Ne4 Nd5 26. Nxc5 Nxb6 27. Nxd7 Bxd7
28. Re5 a4 29. Rb1 Nc8 30. Rb8 Kf8 31. Ra5 Re8 32. Raa8 Ke7 33. Rb7 Nd6 34.
Rxe8+ Kxe8 35. Rb6 Nb5 36. Bc6 Bxc6 37. Rxc6 Nxa3 38. Ra6 Nb5 39. Rxa4 Kd7 40.
f4 h5 41. Kf2 Kc6 42. Kf3 Kc5 43. Ra8 Nd6 44. Ra7 Kb6 45. Ra8 Kc6 46. Rf8 Kd7
47. Ra8 Kc6 48. h3 Kd5 49. Ra7 Kc6 50. f5 exf5 51. Kf4 Kd5 52. Ra5+ Ke6 53.
Re5+ Kf6 54. h4 Nc8 55. Rd5 Ne7 56. Rd6+ 1-0

[Event "LVIII C.to Torinese Assoluto Finale"]
[Site "Torino ITA"]
[Date "2013.11.11"]
[Round "2"]
[White "Davi, Alessandro"]
[Black "Gallucci, Alessio"]
[WhiteElo "2155"]
[BlackElo "2208"]
[Result "1-0"]
[PlyCount "89"]
[EventDate "2013.11.04"]

1. d4 f5 2. Nf3 Nf6 3. g3 g6 4. Bg2 Bg7 5. c4 O-O 6. Nc3 d6 7. O-O c6 8. Re1
Kh8 9. Qc2 Be6 10. b3 Bg8 11. Bb2 Nbd7 12. Rad1 Qa5 13. a3 Qc7 14. e4 f4 15. c5
dxc5 16. e5 Ng4 17. e6 fxg3 18. hxg3 cxd4 19. Nd5 Qd6 20. Nf4 c5 21. exd7 e5
22. Nh3 Bd5 23. Nhg5 b6 24. b4 c4 25. Ne4 Qxd7 26. Nxd4 exd4 27. Bxd4 Bb7 28.
Bc5 Qf5 29. Bxf8 Rxf8 30. Re2 b5 31. Nd6 Qxc2 32. Rxc2 Bxg2 33. Kxg2 a6 34. a4
c3 35. axb5 axb5 36. Nxb5 h5 37. Nxc3 Bxc3 38. Rxc3 Rxf2+ 39. Kg1 Kg7 40. Rb3
Rf6 41. b5 Rb6 42. Rd5 Kf6 43. Ra3 Kf7 44. Ra7+ Ke8 45. Ra6 1-0

[Event "LVIII C.to Torinese Assoluto Finale"]
[Site "Torino ITA"]
[Date "2013.11.11"]
[Round "2"]
[White "Fassio, Luca"]
[Black "Barletta, Mauro"]
[WhiteElo "2125"]
[BlackElo "2190"]
[Result "1/2-1/2"]
[PlyCount "130"]
[EventDate "2013.11.04"]

1. e4 e6 2. d4 d5 3. Nd2 c5 4. exd5 exd5 5. Ngf3 Nc6 6. Bb5 Qe7+ 7. Qe2 Qxe2+
8. Kxe2 cxd4 9. Nxd4 Bd7 10. N2f3 Bd6 11. Be3 Nge7 12. Rhd1 O-O 13. Rd2 Rfe8
14. Rad1 a6 15. Nxc6 bxc6 16. Ba4 Nf5 17. c4 Re4 18. Bb3 Nxe3 19. fxe3 Rae8 20.
cxd5 Rxe3+ 21. Kf1 c5 22. Bc4 Bb5 23. Bxb5 axb5 24. Rd3 Kf8 25. Rxe3 Rxe3 26.
Kf2 Re4 27. h3 h6 28. Re1 Ra4 29. a3 g6 30. Re2 Rc4 31. Ke3 Ke7 32. Kd3+ Kd7
33. b3 Rf4 34. Ra2 f5 35. a4 bxa4 36. bxa4 Kc7 37. a5 Rb4 38. a6 Rb8 39. a7 Ra8
40. Nh4 Kb7 41. Nxg6 Rxa7 42. Rxa7+ Kxa7 43. Nh4 f4 44. Nf5 Bf8 45. Ke4 Kb6 46.
Kxf4 c4 47. Ke4 Kc5 48. Ne3 Bg7 49. g4 c3 50. Kd3 Bf6 51. Nf5 Kxd5 52. Nxh6 Ke5
53. Kxc3 Kf4+ 54. Kd3 Kg3 55. Ke4 Bg5 56. Nf7 Kxh3 57. Kf5 Bd2 58. Ng5+ Kg2 59.
Ne4 Bc1 60. Nf6 Kg3 61. Nd5 Kf3 62. Nc3 Bh6 63. Nd5 Bc1 64. Nc3 Bh6 65. Ne4 Bc1
1/2-1/2

[Event "LVIII C.to Torinese Assoluto Finale"]
[Site "Torino ITA"]
[Date "2013.11.11"]
[Round "2"]
[White "Pepino, Enrico"]
[Black "Yao, Stefano"]
[WhiteElo "2195"]
[BlackElo "2066"]
[Result "0-1"]
[PlyCount "150"]
[EventDate "2013.11.04"]

1. Nf3 Nf6 2. g3 b5 3. a4 b4 4. Bg2 Bb7 5. c4 g6 6. b3 Bg7 7. Bb2 O-O 8. O-O d6
9. d3 e5 10. Nbd2 a5 11. Qc2 Nc6 12. e3 Nd7 13. d4 f5 14. dxe5 dxe5 15. Rfd1
Qe7 16. c5 e4 17. Nd4 Nde5 18. Nxc6 Bxc6 19. Bxe5 Bxe5 20. Rac1 Bc3 21. Nb1 Bf6
22. Bf1 h5 23. Bb5 Be8 24. Bxe8 Raxe8 25. Qc4+ Kg7 26. Rd5 Rd8 27. Rcd1 Rxd5
28. Qxd5 Rd8 29. Qxd8 Qxd8 30. Rxd8 Bxd8 31. c6 Kf6 32. Nd2 Ke6 33. Nc4 Kd5 34.
Nxa5 Bf6 35. Kg2 g5 36. f3 g4 37. fxe4+ fxe4 38. h3 Kc5 39. hxg4 hxg4 40. Nc4
Kxc6 41. Nd2 Kd5 42. a5 Be7 43. Kf2 Bc5 44. Nf1 Ke5 45. a6 Ba7 46. Nd2 Kd5 47.
Ke2 Bb6 48. Nc4 Bc5 49. Na5 Ba7 50. Nb7 Kc6 51. Nd8+ Kb6 52. Nf7 Kxa6 53. Ng5
Bb8 54. Nxe4 Kb5 55. Nd2 Kc5 56. Kd3 c6 57. Ne4+ Kd5 58. Nf6+ Ke6 59. Nxg4 Bxg3
60. e4 Bd6 61. Kd4 Be7 62. Nf2 Bd6 63. Nd3 Be7 64. Nc5+ Kd6 65. e5+ Kc7 66. Kc4
Kb6 67. Nd3 Kc7 68. Nxb4 Kd7 69. Na6 Bf8 70. Nc5+ Kc8 71. Kd4 Be7 72. b4 Kc7
73. Ke4 Kb6 74. Kf5 Kb5 75. Ke6 Bh4 $138 0-1

[Event "LVIII C.to Torinese Assoluto Finale"]
[Site "Torino ITA"]
[Date "2013.11.11"]
[Round "2"]
[White "Pulito, Alberto"]
[Black "Sorcinelli, Francesco"]
[WhiteElo "2258"]
[BlackElo "2216"]
[Result "1-0"]
[PlyCount "77"]
[EventDate "2013.11.04"]

1. e4 e5 2. Nf3 Nc6 3. Bb5 Nf6 4. O-O Nxe4 5. d4 Nd6 6. Bxc6 dxc6 7. dxe5 Nf5
8. Qxd8+ Kxd8 9. Nc3 Bd7 10. Bg5+ Kc8 11. Rad1 h6 12. Bc1 Be7 13. h3 b6 14. b3
Rd8 15. Bb2 Kb7 16. Ne4 c5 17. g4 Nh4 18. Nfd2 g5 19. f4 gxf4 20. Rxf4 Be6 21.
Rdf1 Bg5 22. R4f2 Bxd2 23. Nxd2 Rd7 24. Ne4 Rad8 25. Kh2 c4 26. Kg3 Ng6 27. h4
cxb3 28. axb3 Rd5 29. Nf6 Ra5 30. Re1 Ra2 31. Ba1 c5 32. h5 Ne7 33. Ne4 Kc6 34.
Nd6 Rg8 35. Rf4 Rd8 36. Nxf7 Bxf7 37. Rxf7 Kd7 38. e6+ Ke8 39. Bf6 1-0

[Event "LVIII C.to Torinese Assoluto Finale"]
[Site "Torino ITA"]
[Date "2013.11.18"]
[Round "3"]
[White "Barletta, Mauro"]
[Black "Davi, Alessandro"]
[WhiteElo "2190"]
[BlackElo "2155"]
[Result "1-0"]
[PlyCount "59"]
[EventDate "2013.11.04"]

1. Nf3 d5 2. c4 e6 3. g3 Nf6 4. Bg2 Be7 5. O-O c5 6. cxd5 exd5 7. d4 Nc6 8. Nc3
O-O 9. Be3 c4 10. Ne5 h6 11. b3 Bb4 12. Na4 Ng4 13. Nxg4 Bxg4 14. bxc4 dxc4 15.
d5 Ne5 16. Qd4 Re8 17. Bf4 Bxe2 18. Bxe5 Bxf1 19. Bxg7 Bxg2 20. Bxh6 Bf8 21.
Qg4+ Kh7 22. Bxf8 Rxf8 23. Qf5+ Kh6 24. Kxg2 Qg5 25. Qf3 Rad8 26. Rd1 Rd6 27.
Rd4 Rg6 28. Nc5 b5 29. Ne6 Qf6 30. Qe3+ 1-0

[Event "LVIII C.to Torinese Assoluto Finale"]
[Site "Torino ITA"]
[Date "2013.11.18"]
[Round "3"]
[White "Gallucci, Alessio"]
[Black "Pulito, Alberto"]
[WhiteElo "2208"]
[BlackElo "2258"]
[Result "0-1"]
[PlyCount "114"]
[EventDate "2013.11.04"]

1. e4 e6 2. Qe2 Nf6 3. e5 Nd5 4. c4 Nb6 5. d4 c5 6. d5 exd5 7. Nc3 d4 8. Ne4 d5
9. exd6 Be6 10. f4 Nc6 11. f5 d3 12. Qe3 Nd4 13. Bxd3 Nxf5 14. Qxc5 Nxd6 15.
Qe3 Ndxc4 16. Qg3 Bb4+ 17. Kf1 Kf8 18. b3 Qd4 19. Rb1 Rd8 20. bxc4 Bxc4 21. Nf2
Bxd3+ 22. Qxd3 Qxd3+ 23. Nxd3 Rxd3 24. Ke2 Rd4 25. Be3 Re4 26. Rxb4 Rxe3+ 27.
Kxe3 Nd5+ 28. Kd4 Nxb4 29. Nf3 Ke7 30. a3 Nc6+ 31. Kc5 Rc8 32. Re1+ Kd7 33. Ng5
Nd8+ 34. Kd5 h6 35. Ne4 Ne6 36. Rf1 Nc7+ 37. Kd4 Ne6+ 38. Ke5 f6+ 39. Kf5 Rc2
40. Rd1+ Ke7 41. Re1 Rxg2 42. Ng3 Rf2+ 43. Kg6 Rxh2 44. Nf5+ Kd7 45. Kf7 Ng5+
46. Kxg7 Nf3 47. Re3 Ne5 48. Rb3 Ke6 49. Nd4+ Kd5 50. Nf5 b6 51. Kxf6 Nd7+ 52.
Ke7 Nc5 53. Rg3 h5 54. Ne3+ Ke4 55. Nc4 h4 56. Rg4+ Kd5 57. a4 Re2+ 0-1

[Event "LVIII C.to Torinese Assoluto Finale"]
[Site "Torino ITA"]
[Date "2013.11.18"]
[Round "3"]
[White "Sorcinelli, Francesco"]
[Black "Pepino, Enrico"]
[WhiteElo "2216"]
[BlackElo "2195"]
[Result "1/2-1/2"]
[PlyCount "21"]
[EventDate "2013.11.04"]

1. d4 d5 2. c4 c6 3. Nf3 Nf6 4. Nc3 e6 5. e3 Nbd7 6. Qc2 Bd6 7. Bd3 O-O 8. O-O
dxc4 9. Bxc4 a6 10. Rd1 b5 11. Be2 1/2-1/2

[Event "LVIII C.to Torinese Assoluto Finale"]
[Site "Torino ITA"]
[Date "2013.11.18"]
[Round "3"]
[White "Yao, Stefano"]
[Black "Fassio, Luca"]
[WhiteElo "2066"]
[BlackElo "2125"]
[Result "1-0"]
[PlyCount "99"]
[EventDate "2013.11.04"]

1. Nf3 Nf6 2. d4 e6 3. g3 b6 4. Bg2 Bb7 5. O-O Be7 6. c4 c5 7. d5 exd5 8. Nh4
O-O 9. cxd5 d6 10. Nc3 Na6 11. Nf5 Re8 12. Bg5 h6 13. Bxf6 Bxf6 14. Nb5 Be7 15.
e4 Nc7 16. Qg4 g6 17. Nxh6+ Kf8 18. Qf4 f6 19. Nxc7 Qxc7 20. Qg4 Kg7 21. Nf5+
Kf7 22. Nxe7 Qxe7 23. f4 Kg7 24. f5 g5 25. h4 Rg8 26. hxg5 Kf8 27. g6 b5 28.
Rae1 Qe5 29. Qf4 Qe7 30. g4 Re8 31. Qh6+ Qg7 32. Qxg7+ Kxg7 33. Kf2 Rh8 34. Rh1
b4 35. g5 fxg5 36. Rxh8 Rxh8 37. e5 dxe5 38. Rxe5 Kf6 39. Re6+ Kxf5 40. g7 Rg8
41. Be4+ Kf4 42. Re7 a5 43. Bh7 Bxd5 44. Bxg8 Bxg8 45. a3 c4 46. axb4 axb4 47.
Re8 Bh7 48. Rh8 c3 49. Rxh7 cxb2 50. Rh1 1-0

[Event "LVIII C.to Torinese Assoluto Finale"]
[Site "Torino ITA"]
[Date "2013.11.25"]
[Round "4"]
[White "Davi, Alessandro"]
[Black "Yao, Stefano"]
[WhiteElo "2155"]
[BlackElo "2066"]
[Result "0-1"]
[PlyCount "48"]
[EventDate "2013.11.04"]

1. d4 Nf6 2. Nf3 e6 3. c4 b6 4. a3 Bb7 5. Nc3 d5 6. cxd5 Nxd5 7. Qc2 Be7 8. e4
Nxc3 9. bxc3 O-O 10. Bd3 c5 11. O-O Qc8 12. Qe2 Ba6 13. Rd1 Rd8 14. Bg5 Bxg5
15. Nxg5 h6 16. Nf3 Bxd3 17. Rxd3 cxd4 18. cxd4 Nd7 19. Rad1 Qc4 20. h4 Rac8
21. Qe3 Qc2 22. Ne1 Qa4 23. Qd2 Nf6 24. Rg3 Nxe4 0-1

[Event "LVIII C.to Torinese Assoluto Finale"]
[Site "Torino ITA"]
[Date "2013.11.25"]
[Round "4"]
[White "Pepino, Enrico"]
[Black "Fassio, Luca"]
[WhiteElo "2195"]
[BlackElo "2125"]
[Result "0-1"]
[PlyCount "102"]
[EventDate "2013.11.04"]

1. d4 Nf6 2. c4 c5 3. Nf3 e6 4. Nc3 cxd4 5. Nxd4 Nc6 6. Ndb5 d6 7. Bf4 e5 8.
Bg5 a6 9. Na3 Be7 10. g3 O-O 11. Bg2 Be6 12. O-O Ne8 13. Bxe7 Qxe7 14. Qd2 f5
15. Rad1 Rd8 16. e3 Kh8 17. f4 e4 18. Nd5 Bxd5 19. cxd5 Nb8 20. Rc1 Nd7 21. Rc2
Nc5 22. Rb1 Nf6 23. Bf1 Rfe8 24. Nc4 b5 25. Na5 Rc8 26. Rbc1 Qd7 27. b4 Na4 28.
Qd4 h6 29. Be2 Rxc2 30. Rxc2 Rc8 31. Rc6 Rxc6 32. dxc6 Qc7 33. Kf2 Nb6 34. h3
Nc8 35. g4 Ne7 36. g5 hxg5 37. fxg5 Nh7 38. h4 d5 39. Ke1 Qg3+ 40. Kd2 Qxh4 41.
Qa7 Nxg5 42. Qb8+ Kh7 43. c7 Nf3+ 44. Bxf3 exf3 45. c8=Q Qf2+ 46. Kc1 Qxe3+ 47.
Kb2 Nxc8 48. Qxc8 Qd2+ 49. Ka3 Qd3+ 50. Nb3 f2 51. Qe8 Qf3 0-1

[Event "LVIII C.to Torinese Assoluto Finale"]
[Site "Torino ITA"]
[Date "2013.11.25"]
[Round "4"]
[White "Pulito, Alberto"]
[Black "Barletta, Mauro"]
[WhiteElo "2258"]
[BlackElo "2190"]
[Result "1/2-1/2"]
[PlyCount "58"]
[EventDate "2013.11.04"]

1. e4 e6 2. d4 d5 3. Nc3 Nf6 4. Bg5 dxe4 5. Nxe4 Be7 6. Bxf6 gxf6 7. Nf3 b6 8.
Qd3 Bb7 9. O-O-O Nd7 10. Nc3 c6 11. g3 Qc7 12. Bh3 O-O-O 13. Rhe1 Kb8 14. Qe3
h5 15. Nh4 b5 16. f4 Nb6 17. Kb1 Nc4 18. Qd3 Qa5 19. Ne4 f5 20. Ng5 Qb4 21. Qc3
Qxc3 22. bxc3 Rhf8 23. Bf1 Nb6 24. Nhf3 Na4 25. Re3 a6 26. Nh7 Rh8 27. Nhg5
Rhf8 28. Nh7 Rh8 29. Nhg5 Rhf8 1/2-1/2

[Event "LVIII C.to Torinese Assoluto Finale"]
[Site "Torino ITA"]
[Date "2013.12.02"]
[Round "5"]
[White "Barletta, Mauro"]
[Black "Sorcinelli, Francesco"]
[WhiteElo "2190"]
[BlackElo "2216"]
[Result "1-0"]
[PlyCount "85"]
[EventDate "2013.11.04"]

1. Nf3 d5 2. c4 d4 3. e3 Nc6 4. exd4 Nxd4 5. Nxd4 Qxd4 6. d3 c6 7. Nc3 Nh6 8.
Be3 Qd6 9. Qd2 Nf5 10. O-O-O Nxe3 11. Qxe3 g6 12. Ne4 Qe6 13. h4 f5 14. Qd4
Bh6+ 15. Kc2 O-O 16. Ng5 Qf6 17. Qxf6 exf6 18. Nf3 Re8 19. d4 Bd7 20. Bd3 b5
21. Rhe1 Bf8 22. a3 b4 23. axb4 Bxb4 24. Rxe8+ Rxe8 25. Rf1 Kf7 26. Nd2 h5 27.
Nb3 Re1 28. Nc5 Bc8 29. Kb3 Ba5 30. d5 cxd5 31. cxd5 Ke7 32. Ka4 Rxf1 33. Bxf1
Bb6 34. b4 Kd6 35. Kb5 f4 36. Bd3 f3 37. gxf3 Bf5 38. Bxf5 gxf5 39. Kc4 a5 40.
Nb7+ Kc7 41. bxa5 Bxf2 42. Nc5 Bxh4 43. d6+ 1-0

[Event "LVIII C.to Torinese Assoluto Finale"]
[Site "Torino ITA"]
[Date "2013.12.02"]
[Round "5"]
[White "Fassio, Luca"]
[Black "Davi, Alessandro"]
[WhiteElo "2125"]
[BlackElo "2155"]
[Result "0-1"]
[PlyCount "112"]
[EventDate "2013.11.04"]

1. e4 d5 2. exd5 Qxd5 3. Nc3 Qd6 4. d4 a6 5. Nf3 Bg4 6. h3 Bh5 7. g3 Nc6 8. Bg2
O-O-O 9. Bf4 Qb4 10. Qc1 Bxf3 11. Bxf3 Nxd4 12. Bg2 e5 13. Bd2 Qc4 14. b3 Qe6
15. O-O Bb4 16. Re1 Qf5 17. Ne4 Bxd2 18. Nxd2 Nf6 19. Nc4 e4 20. g4 Nf3+ 21.
Bxf3 Qxf3 22. Qe3 Qxe3 23. Rxe3 Rhe8 24. Rae1 h6 25. R1e2 Re6 26. Nd2 Nd5 27.
Rxe4 Nf4 28. Rxe6 fxe6 29. Re4 Nxh3+ 30. Kg2 Nxf2 31. Kxf2 Rxd2+ 32. Ke3 Rxc2
33. Rxe6 Rxa2 34. Kd3 Rf2 35. Re7 g5 36. Re6 Rf4 37. Rxh6 Rxg4 38. Rg6 c6 39.
Rg7 Kb8 40. Kc3 Ka7 41. Kb2 Kb6 42. Ka3 Rg1 43. Kb2 a5 44. Ka3 g4 45. Kb2 g3
46. Ka2 Ka6 47. Rg6 Kb5 48. Rg4 b6 49. Ka3 g2 50. Ka2 Kc5 51. Kb2 Kd5 52. Ka2
b5 53. Kb2 c5 54. Ka2 c4 55. b4 axb4 56. Kb2 c3+ 0-1

[Event "LVIII C.to Torinese Assoluto Finale"]
[Site "Torino ITA"]
[Date "2013.12.02"]
[Round "5"]
[White "Gallucci, Alessio"]
[Black "Pepino, Enrico"]
[WhiteElo "2208"]
[BlackElo "2195"]
[Result "0-1"]
[PlyCount "88"]
[EventDate "2013.11.04"]

1. d4 Nf6 2. Bg5 c5 3. d5 d6 4. Bxf6 gxf6 5. g3 Qb6 6. Qc1 h5 7. Nf3 Bh6 8. e3
Nd7 9. Nbd2 Ne5 10. Nh4 Bd7 11. a4 O-O-O 12. a5 Qc7 13. Be2 Kb8 14. Ra3 e6 15.
c4 Ng6 16. Ndf3 e5 17. Qc2 Ne7 18. Nd2 Bg5 19. Ndf3 Rdg8 20. Ng2 Bh3 21. Ngh4
Ng6 22. Nf5 Qd7 23. e4 h4 24. Bf1 hxg3 25. fxg3 Bg4 26. h4 Ne7 27. Bh3 Nxf5 28.
exf5 Bxh3 29. Rxh3 e4 30. Nxg5 fxg5 31. Qf2 gxh4 32. Rxh4 Qe7 33. Re3 Qd8 34.
Ra3 e3 35. Qf4 Rxh4 36. Qxh4 f6 37. a6 Rh8 38. Qe4 Qb6 39. Qg2 Qb4+ 40. Rc3 e2
41. Qxe2 Rh1+ 42. Kd2 Qxb2+ 43. Kd3 Qb1+ 44. Rc2 Rd1+ 0-1

[Event "LVIII C.to Torinese Assoluto Finale"]
[Site "Torino ITA"]
[Date "2013.12.02"]
[Round "5"]
[White "Yao, Stefano"]
[Black "Pulito, Alberto"]
[WhiteElo "2066"]
[BlackElo "2258"]
[Result "1/2-1/2"]
[PlyCount "67"]
[EventDate "2013.11.04"]

1. d4 d5 2. Nf3 Nf6 3. c4 c6 4. Nc3 e6 5. Bg5 Nbd7 6. e3 Qa5 7. Nd2 Bb4 8. Bxf6
Nxf6 9. Qc2 O-O 10. Be2 c5 11. O-O cxd4 12. exd4 dxc4 13. Nxc4 Qc7 14. Rac1 Bd7
15. Ne5 Rac8 16. Qb3 Bd6 17. f4 Qb8 18. Bf3 Bc6 19. Bxc6 bxc6 20. Qxb8 Rxb8 21.
Nxc6 Rxb2 22. Nxa7 Ng4 23. Nab5 Bb8 24. Rb1 Rc2 25. Rf3 g5 26. h3 Nh6 27. fxg5
Nf5 28. g4 Nd6 29. Nxd6 Bxd6 30. Ne4 Bh2+ 31. Kh1 Rxa2 32. Rf2 Rxf2 33. Nxf2
Bf4 34. Ne4 1/2-1/2